Województwa Polski w kolejności alfabetycznej - Statystyki

Ogólne statystyki
  • Ten quiz został rozwiązany 10 436 razy
  • Średni wynik to 13 z 16
Odpowiedzi na mapie
Odpowiedzi zakodowano w zielono-czerwonej skali na mapie do tego quizu, zgodnie z poniższymi procentami.
 
Statystyki odpowiedzi
Województwo % Poprawnych
dolnośląskie
98%
kujawsko-pomorskie
87%
lubelskie
86%
lubuskie
85%
łódzkie
81%
małopolskie
81%
mazowieckie
81%
opolskie
79%
podkarpackie
75%
podlaskie
75%
pomorskie
75%
śląskie
73%
zachodniopomorskie
72%
świętokrzyskie
71%
warmińsko-mazurskie
70%
wielkopolskie
70%
Nie znaleziono quizów pasujących do podanych kryteriów
Rozkład punktacji
Procent ludzi z każdym wynikiem
Percentyl według liczby udzielonych odpowiedzi
Twoja historia wyników
Nie rozwiązałeś tego quizu